Normal view MARC view

Entry Personal Name

Number of records used in: 1

001 - CONTROL NUMBER

  • control field: 1239835

003 - CONTROL NUMBER IDENTIFIER

  • control field: OSt

005 - DATE AND TIME OF LATEST TRANSACTION

  • control field: 20260514122639.0

008 - FIXED-LENGTH DATA ELEMENTS

  • fixed length control field: 260514|| aca||aabn | a|a d

040 ## - CATALOGING SOURCE

  • Original cataloging agency: OSt
  • Transcribing agency: OSt

100 ## - HEADING--PERSONAL NAME

  • Personal name: Dr.Sumita Kakar

670 ## - SOURCE DATA FOUND

  • Source citation: Work cat.: (OSt)1851578: Rangrej Dr.Shahid Bakhsh 1239833, Human Cadaveric Study of Branching Pattern of Superior and Inferior Mesenteric Arteries with Reference to Marginal Artery for Collateral Circulation.
Copyright @ Delhi University Library System